01161nam a2200277Ia 4500001001200000003000800012006001900020007001500039008004100054010001700095020001800112040002100130035002100151050002400172100003100196245015500227260006300382300001700445504005100462533015200513650002500665650002100690655002900711710001700740856012600757ebr10377787CaPaEBRm u cr cn|||||||||091008s2010 enk sb 001 0 eng d z 2009041399 z9780470517055 aCaPaEBRcCaPaEBR a(OCoLC)61332472914aRA1057b.M45 2010eb1 aMeier-Augenstein, Wolfram.10aStable isotope forensicsh[electronic resource] :ban introduction to the forensic application of stable isotope analysis /cWolfram Meier-Augenstein. aChichester, West Sussex ;aHoboken, NJ :bJ. Wiley,c2010. axxiv, 271 p. aIncludes bibliographical references and index. aElectronic reproduction.bPalo Alto, Calif. :cebrary,d2010.nAvailable via World Wide Web.nAccess may be limited to ebrary affiliated libraries. 0aChemistry, Forensic. 0aStable isotopes. 7aElectronic books.2local2 aebrary, Inc.40uhttp://site.ebrary.com/lib/rucke/Doc?id=10377787zAn electronic book accessible through the World Wide Web; click to view